| 000 | 00670cam a22001697 4500 | ||
|---|---|---|---|
| 001 | ltf91040659 | ||
| 003 | DLC | ||
| 005 | 20260227111553.0 | ||
| 008 | 910416s1901 nyu 000 0 eng | ||
| 010 | _altf91040659 | ||
| 040 |
_aDLC _cDLC _dDLC |
||
| 050 | 0 | 0 | _a4N 790 |
| 111 | 2 |
_aPan-American Exposition _d(1901 : _cBuffalo, N.Y.) |
|
| 245 | 1 | 0 |
_aArt hand-book, sculpture, architecture, painting; _bofficial handbook of architecture and sculpture and art catalogue to the Pan-American Exposition with maps and illus. by permission of C.D. Arnold, Buffalo, New York, May first to November first, M. CM. & I. |
| 260 |
_aBuffalo, N.Y., _bD. Gray, _c1901. |
||
| 300 | _a95 p. | ||
| 999 |
_c37569 _d37569 |
||